| 000 | 00474nam a22001577a 4500 | ||
|---|---|---|---|
| 999 |
_c527497 _d527497 |
||
| 020 | _qHBK. | ||
| 082 | _a658.4 | ||
| 100 | _aButt, Usman Ayub | ||
| 245 |
_aEnhancing B2B Customer Experience Through Digitization / _cUsman Ayub Butt. |
||
| 260 |
_aIslamabad: _bNBS - NUST, _c2016. |
||
| 300 |
_a33 p. : ill. ; _c30cm. |
||
| 942 |
_2ddc _cTHE |
||
| 650 |
_aEMBA Thesis. _917645 |
||
| 700 |
_aMiss. Fatima Zaheer. _918794 |
||